Porovnanie zmien v zložení povrchových sacharidov v leukemických bunkách senzitívnych a rezistentných na liečivá bakalárska práca

Na minha lista:
Detalhes bibliográficos
Autor principal: Ševčíková, Ivana
Formato: Livro
Idioma:eslovaco
Publicado em: Bratislava STU FCHPT 2015
Acesso em linha:View in OPAC
Tags: Adicionar Tag
Sem tags, seja o primeiro a adicionar uma tag!

MARC

LEADER 00000nam a2200000 a 4500
005 20260127134258.0
008 151120 2015 000 0 slo d
035 |a vtls011352798 
039 9 |y 201511201156  |z mschk03 
040 |a STUSCHK1  |b slo  |c STUSCHK1  |e AACR2 
100 1 |a Ševčíková, Ivana 
245 1 |a Porovnanie zmien v zložení povrchových sacharidov v leukemických bunkách senzitívnych a rezistentných na liečivá  |b bakalárska práca  |c Ivana Ševčíková 
260 |a Bratislava  |b STU FCHPT  |c 2015 
300 |a 44 s.  |b il.  |c 25 cm 
500 |a Študijný program: biotechnológia a potravinárska technológia 
500 |a Študijný odbor: biotechnológie 
500 |a Školiace pracovisko: Odd. biochémie a mikrobiológie 
500 |a Evid. číslo: FCHPT-13567-60555 
910 |a SCHK95 
999 |c 8619  |d 8619